| 000 | 01148nkm a2200253 i 4500 | ||
|---|---|---|---|
| 001 | 3173 | ||
| 003 | ES-MaACL | ||
| 005 | 20250713062606.0 | ||
| 007 | khrbo | ||
| 008 | 050919s1983 sp --- g |001||spa d | ||
| 100 | 0 |
_aAlfonso, _d1902-1990 _919858 |
|
| 245 | 1 | 0 |
_aFestival Folklorico Internacional [ _hFotografía] / _cAlfonso (sello). |
| 260 |
_a[S.l. : _bs.n.], _c1983. |
||
| 300 |
_a8 fot. : _bb. y n. ; _c11,5 x 18 cm. |
||
| 500 | _aDatos basados en invitación. | ||
| 518 | _aActo organizado por el Ateneo de Madrid en colaboración con el Círculo Artístico Cultural Hispano-Internacional, celebrado en el salón de actos el lunes, 25 de abril de 1983, a las 19:30 h. | ||
| 610 | 2 | 4 |
_aAteneo de Madrid- _xActos culturales- _y1983- _vFotografías. _91896 |
| 710 | 2 |
_aAteneo de Madrid. _91875 |
|
| 710 | 2 |
_aCírculo Artístico Cultural Hispano-Internacional. _92809 |
|
| 852 |
_aES-MaACL _jFOT 39/1983 |
||
| 856 | 4 |
_uhttp://www.ateneodemadrid.net/biblioteca_digital/imagenes/1983/0039_01-1983.jpg _zVer imagen |
|
| 856 | 4 |
_uhttp://www.ateneodemadrid.net/biblioteca_digital/imagenes/1983/0039_02-1983.jpg _zVer imagen |
|
| 999 |
_c3173 _d3173 |
||